<?xml version="1.0" encoding="UTF-8"?><?xml-stylesheet type="text/xsl" href="static/style.xsl"?><OAI-PMH xmlns="http://www.openarchives.org/OAI/2.0/" xmlns:xsi="http://www.w3.org/2001/XMLSchema-instance" xsi:schemaLocation="http://www.openarchives.org/OAI/2.0/ http://www.openarchives.org/OAI/2.0/OAI-PMH.xsd"><responseDate>2026-04-18T05:53:11Z</responseDate><request verb="GetRecord" identifier="oai:www.recercat.cat:2117/13940" metadataPrefix="marc">https://recercat.cat/oai/request</request><GetRecord><record><header><identifier>oai:recercat.cat:2117/13940</identifier><datestamp>2025-07-17T06:16:40Z</datestamp><setSpec>com_2072_1033</setSpec><setSpec>col_2072_452950</setSpec></header><metadata><record xmlns="http://www.loc.gov/MARC21/slim" xmlns:dcterms="http://purl.org/dc/terms/" xmlns:xsi="http://www.w3.org/2001/XMLSchema-instance" xmlns:doc="http://www.lyncode.com/xoai" xsi:schemaLocation="http://www.loc.gov/MARC21/slim http://www.loc.gov/standards/marcxml/schema/MARC21slim.xsd">
   <leader>00925njm 22002777a 4500</leader>
   <datafield ind2=" " ind1=" " tag="042">
      <subfield code="a">dc</subfield>
   </datafield>
   <datafield ind2=" " ind1=" " tag="720">
      <subfield code="a">Custodio Gimena, Emilio</subfield>
      <subfield code="e">author</subfield>
   </datafield>
   <datafield ind2=" " ind1=" " tag="260">
      <subfield code="c">2011</subfield>
   </datafield>
   <datafield ind2=" " ind1=" " tag="520">
      <subfield code="a">Con anterioridad al proyecto SPA–15, concluido en 1975, el conocimiento hidrogeológico de Canarias, y el hidrológico en general, era pobre y a veces confuso, con escasas excepciones. Sin embargo existía una extraordinaria infraestructura de captación, única en el mundo al permitir notables observaciones del interior del terreno. El Proyecto SPA–15 y los trabajos que se realizaron en paralelo por el SGOP–MOP permitieron convertir esa experiencia en notable conocimiento científico y técnico, de interés para el propio archipiélago y también aplicable a otras islas y formaciones volcánicas. Con posterioridad se&#xd;
ha continuado progresando en diversos frentes ante el reto de la disponibilidad de agua para los diversos usos, incluyendo la Naturaleza, con introducción de la desalinización y de la reutilización. En cuanto al progreso científico, las Universidades han jugado un papel&#xd;
importante, así como los centros de investigación y estudio que se han ido creando, todo ello además en apoyo de la Administración Pública del Agua. El SPA–15 continúa siendo una referencia de conocimiento y buena parte de lo conseguido en él sigue siendo utilizado ya que escasean las aportaciones de nuevas elaboraciones, reconocimientos e inversiones con visión&#xd;
amplia, salvo los avances conceptuales y de conocimiento logrados en estudios y tesis&#xd;
universitarios, pero con ámbitos más restringidos. Mientras el conocimiento científico y técnico ha progresado aceptablemente, el de gestión es aún insuficiente, y el social es incipiente.</subfield>
   </datafield>
   <datafield ind2=" " ind1=" " tag="520">
      <subfield code="a">Postprint (published version)</subfield>
   </datafield>
   <datafield tag="653" ind2=" " ind1=" ">
      <subfield code="a">Àrees temàtiques de la UPC::Enginyeria civil::Geologia::Hidrologia</subfield>
   </datafield>
   <datafield tag="653" ind2=" " ind1=" ">
      <subfield code="a">Àrees temàtiques de la UPC::Enginyeria civil::Geologia::Hidrologia subterrània</subfield>
   </datafield>
   <datafield tag="653" ind2=" " ind1=" ">
      <subfield code="a">Canary Islands</subfield>
   </datafield>
   <datafield tag="653" ind2=" " ind1=" ">
      <subfield code="a">Hydrogeology--Spain</subfield>
   </datafield>
   <datafield tag="653" ind2=" " ind1=" ">
      <subfield code="a">Canàries -- Hidrologia</subfield>
   </datafield>
   <datafield ind2="0" ind1="0" tag="245">
      <subfield code="a">Evolución del conocimiento hidrogeológico e hidrológico en Canarias</subfield>
   </datafield>
</record></metadata></record></GetRecord></OAI-PMH>